00513nam a22001457a 4500003000400000008004100004020001800045082001800063245013100081260003800212300001500250700003400265700003100299700003700330OSt260602b |||||||| |||| 00| 0 eng d a9781071624319 a631.523bS23P aPlant Comparative Genomics/bedited by Alejandro Pereira-Santana , Samuel David Gamboa-Tuz and, Luis Carlos Rodríguez-Zapata aNew York:bSpringer Nature;c2021 axi, 294 p. aSantana , Alejandro Pereira- aGamboa-Tuz , Samuel David  aRodríguez-Zapata, Luis Carlos